000 00210nam a22001097a 4500
041 _aENG
245 _aEnglish (Compulsory )
260 _aDelhi
_bCivil Exam
_c1998
300 _a38
650 _a48
856 _u48
999 _c3138
_d3138